On the representation of distributive algebraic lattices II.

Elmentve itt :
Bibliográfiai részletek
Szerző: Huhn András P.
Dokumentumtípus: Cikk
Megjelent: 1989
Sorozat:Acta scientiarum mathematicarum 53 No. 1-2
Kulcsszavak:Matematika
Online Access:http://acta.bibl.u-szeged.hu/15207
LEADER 00631nab a2200181 i 4500
001 acta15207
005 20210409080825.0
008 161015s1989 hu o 0|| eng d
022 |a 0001-6969 
040 |a SZTE Egyetemi Kiadványok Repozitórium  |b hun 
041 |a eng 
100 1 |a Huhn András P. 
245 1 3 |a On the representation of distributive algebraic lattices II.  |h [elektronikus dokumentum] /  |c  Huhn András P. 
260 |c 1989 
300 |a 3-10 
490 0 |a Acta scientiarum mathematicarum  |v 53 No. 1-2 
695 |a Matematika 
856 4 0 |u http://acta.bibl.u-szeged.hu/15207/1/math_053_fasc_001_002_003-010.pdf  |z Dokumentum-elérés